| 000 | 00662nam a2200217Ia 4500 | ||
|---|---|---|---|
| 003 | GCL | ||
| 008 | 140319s9999 xx 000 0 ara d | ||
| 040 |
_aGCL / _cGCL |
||
| 082 | 0 | 4 |
_a792.9 _bس م |
| 100 | 1 | _aنورا امين | |
| 245 | 1 | 0 |
_aمدرسة المتفرج: قراءة المسرح / _cنورا امين |
| 700 | 1 | _aسفيلد، ان اوبر | |
| 700 | 1 | _aسهير الجمل (ترجمة) | |
| 300 | _a384 | ||
| 490 |
_a100 قصة _v0 |
||
| 650 | 0 | 4 | _aالفنون المسرحية |
| 650 | 0 | 4 | _aالتمثيل فى المسرح |
| 650 | 0 | 4 | _aالمسرح الامريكى |
| 650 | 0 | 4 | _aالمسرح - تاريخ ونقد |
| 942 |
_2ddc _cBK |
||
| 999 |
_c46692 _d46692 |
||